ARRUPE JESUIT UNIVERSITY

CORONAVIRUS -STOP THE SPREAD - CLEAN,DISINFECT,COVER

The undivided heart : (Record no. 124725)

MARC details
000 -LEADER
fixed length control field 00964pam a2200277 a 4500
001 - CONTROL NUMBER
control field 2067493
003 - CONTROL NUMBER IDENTIFIER
control field ARRUPE
005 - DATE AND TIME OF LATEST TRANSACTION
control field 20160427123753.0
008 - FIXED-LENGTH DATA ELEMENTS--GENERAL INFORMATION
fixed length control field 940204s1994 mau b 000 0 eng
010 ## - LIBRARY OF CONGRESS CONTROL NUMBER
LC control number 94006259
020 ## - INTERNATIONAL STANDARD BOOK NUMBER
International Standard Book Number 1879007045
040 ## - CATALOGING SOURCE
Original cataloging agency DLC
Transcribing agency DLC
Modifying agency DLC
050 00 - LIBRARY OF CONGRESS CALL NUMBER
Classification number BV5091.C7
Item number C375 1994
082 00 - DEWEY DECIMAL CLASSIFICATION NUMBER
Classification number 248.3/4
Edition number 20
300 ## - PHYSICAL DESCRIPTION
Dimensions 23 cm.
100 1# - MAIN ENTRY--PERSONAL NAME
Personal name Casey, Michael,
Dates associated with a name 1942-
9 (RLIN) 7592
245 14 - TITLE STATEMENT
Title The undivided heart :
Remainder of title the western monastic approach to contemplation /
Statement of responsibility, etc Michael Casey.
260 ## - PUBLICATION, DISTRIBUTION, ETC. (IMPRINT)
Place of publication, distribution, etc Petersham, Mass. :
Name of publisher, distributor, etc St. Bede's Publications,
Date of publication, distribution, etc c1994.
300 ## - PHYSICAL DESCRIPTION
Extent vi, 217 p.;
504 ## - BIBLIOGRAPHY, ETC. NOTE
Bibliography, etc Includes bibliographical references.
650 #0 - SUBJECT ADDED ENTRY--TOPICAL TERM
Topical term or geographic name as entry element Contemplation.
9 (RLIN) 7213
650 #0 - SUBJECT ADDED ENTRY--TOPICAL TERM
Topical term or geographic name as entry element Monastic and religious life.
9 (RLIN) 24152
650 #0 - SUBJECT ADDED ENTRY--TOPICAL TERM
Topical term or geographic name as entry element Spiritual formation.
9 (RLIN) 22622
906 ## - LOCAL DATA ELEMENT F, LDF (RLIN)
a 7
b cbc
c orignew
d 1
e ocip
f 19
g y-gencatlg
942 ## - ADDED ENTRY ELEMENTS (KOHA)
Source of classification or shelving scheme Library of Congress Classification
Koha item type Monograph ( Printed materials)
Holdings
Withdrawn status Lost status Source of classification or shelving scheme Damaged status Not for loan Collection code Home library Current library Shelving location Date acquired Total Checkouts Full call number Barcode Date last seen Price effective from Koha item type
    Library of Congress Classification     Main Collection ARRUPE LIBRARY ARRUPE LIBRARY Main Collection 27/04/2016   BV5091.C7C375 1994 46500006864 24/01/2017 27/04/2016 Monograph ( Printed materials)

 

Arrupe Library. PO Box MP320 Mt Pleasant, Harare, Zimbabwe
263 242 745411|librarian@aju.ac.zw